Joueurs ayant disputé le plus de matchs de Ligue 1. - Statistiques

Statistiques générales
  • Ce quiz a été pris 43 fois
  • Le résultat moyen est 3 sur 10
Statistiques - réponses
# Club Période Joueur Matchs % Correct
8 Olympique de Marseille 2007-2025 Steve Mandanda 555
86%
1 FC Nantes 1996-2014 Mickaël Landreau 618
62%
5 Girondins de Bordeaux 1970-1988 Alain Giresse 587
43%
2 AS Monaco 1977-1994 Jean-Luc Ettori 602
38%
6 FC Metz 1982-2001 Sylvain Kastendeuch 577
22%
3 RC Strasbourg 1972-1989 Dominique Dropsy 596
11%
4 OGC Nice 1967-1985 Dominique Baratelli 593
8%
7 Girondins de Bordeaux 1973-1991 Patrick Battiston 558
8%
10 Stade de Reims 1945-1962 Roger Marche 543
5%
9 Olympique de Marseille 1964-1980 Jacky Novi 545
3%
Aucun quiz correspondant
Distribution des résultats
% des personnes avec chaque résultat
Percentile par nombre de réponses
Votre historique - résultats
Vous n’avez pas pris ce quiz